| Tag |
First Indicator |
Second Indicator |
Subfields |
| LEADER |
00000pam a2200000 a 4500 |
| 001 |
in00000090051 |
| 005 |
20151008065534.0 |
| 008 |
781115s1979 maua j 00010 engm |
| 010 |
|
|
|a 78019566
|
| 020 |
|
|
|a 0876450990 :
|c $9.95
|
| 020 |
|
|
|a 0876451075
|
| 035 |
|
|
|a (OCoLC)04495695
|
| 035 |
|
|
|9 AAK6134AM
|
| 040 |
|
|
|a DLC
|c DLC
|d TXA
|d UtOrBLW
|
| 049 |
|
|
|a [Curr Col] TXAM
|c [388589]
|
| 050 |
0 |
0 |
|a GV1788
|b E54
|
| 082 |
0 |
|
|a 792.8/2
|
| 100 |
1 |
|
|a Elliott, Donald.
|
| 245 |
1 |
0 |
|a Frogs and the ballet /
|c by Donald Elliott ; and illustrated by Clinton Arrowood.
|
| 264 |
|
1 |
|a Ipswich, Mass. :
|b Gambit,
|c 1979.
|
| 300 |
|
|
|a xxi, 57 pages :
|b illustrations ;
|c 26 cm.
|
| 336 |
|
|
|a text
|b txt
|2 rdacontent
|
| 337 |
|
|
|a unmediated
|b n
|2 rdamedia
|
| 338 |
|
|
|a volume
|b nc
|2 rdacarrier
|
| 520 |
|
|
|a Introduces familiar ballet steps, demonstrating what lies behind these seemingly effortless movements and how they are woven into classical ballet.
|
| 650 |
|
0 |
|a Ballet dancing
|v Juvenile literature.
|
| 650 |
|
1 |
|a Ballet dancing.
|
| 700 |
1 |
|
|a Arrowood, Clinton.
|
| 999 |
|
|
|a MARS
|
| 999 |
f |
f |
|s 4ec03e9c-a3e4-37e6-81c4-a25ebe0781be
|i b0d40786-1e8e-310a-8619-328ab4baa3c6
|t 0
|
| 952 |
f |
f |
|p ric
|a Texas A&M University
|b Rellis Campus
|c Joint Library Facility
|d Remote Storage
|t 0
|e GV1788 E54
|h Library of Congress classification
|i unmediated -- volume
|m A14805979780
|
| 998 |
f |
f |
|a GV1788 E54
|t 0
|l Remote Storage
|